[Event "6. Lovsprings EMT Basis 5 1994"]
[Site "Ringsted"]
[Date "1994.05.22"]]
[Round "7"]
[White "Thomsen, Daniel"]
[Black "Dinesen, Henrik"]
[Result "1/2-1/2"]
[WhiteElo "1100"]
[BlackElo "1198"]
[PlyCount "93"]
[EventDate "1994.??.??"]

1. Nf3 c6 2. c4 d5 3. d4 dxc4 4. e4 Bg4 5. Be3 Nf6 6. e5 Nd5 7. Bxc4 Nxe3 8.
fxe3 e6 9. O-O Nd7 10. h3 Bh5 11. Nc3 Nb6 12. Be2 Bb4 13. Rc1 O-O 14. a3 Bxc3
15. Rxc3 Nd5 16. Rd3 b5 17. Nh2 Bg6 18. Rb3 f5 19. Bf3 a6 20. Bxd5 Qxd5 21. a4
Rfc8 22. Nf3 Bh5 23. Ra3 b4 24. Ra1 a5 25. Qd3 c5 26. b3 c4 27. bxc4 Qxc4 28.
Qxc4 Rxc4 29. Rac1 Rac8 30. Rxc4 Rxc4 31. Ng5 Rc6 32. d5 exd5 33. Rxf5 h6 34.
Nf3 Bxf3 35. gxf3 Re6 36. Rf4 Rxe5 37. Rd4 Rxe3 38. Rxd5 b3 39. Kf2 Rc3 40.
Rxa5 Rc2+ 41. Ke3 b2 42. Rb5 Rc3+ 43. Ke2 Ra3 44. Rxb2 Rxa4 45. Kf2 Kh7 46. Kg3
g5 47. Re2 1/2-1/2

[Event "6. Lovsprings EMT Basis 5 1994"]
[Site "Ringsted"]
[Date "1994.05.22"]]
[Round "7"]
[White "Vilsgaard, Lars"]
[Black "Jensen, Jan"]
[Result "0-1"]
[WhiteElo "1083"]
[BlackElo "1188"]
[PlyCount "82"]
[EventDate "1994.??.??"]

1. e4 e5 2. Nf3 Nc6 3. Bb5 Nge7 4. Bxc6 Nxc6 5. d3 Bc5 6. O-O d6 7. h3 h6 8.
Re1 Qf6 9. Nc3 Be6 10. Qe2 Nd4 11. Nxd4 Bxd4 12. Nb5 Bb6 13. Be3 Qe7 14. Bxb6
axb6 15. Qf3 c6 16. Nc3 O-O-O 17. Qe3 Kc7 18. a3 Qf6 19. Rad1 g5 20. f3 h5 21.
Na4 c5 22. Nc3 Kc6 23. Rb1 g4 24. fxg4 hxg4 25. Rf1 Qh4 26. b4 gxh3 27. Qe1
Qxe1 28. Rfxe1 hxg2 29. bxc5 bxc5 30. Rb2 Rdg8 31. Rbb1 Rh1+ 32. Kf2 Rh2 33.
Rg1 Rg4 34. Ne2 Rg6 35. Ke3 Rh3+ 36. Kd2 Rf3 37. a4 Rf2 38. a5 Bg4 39. Rbe1
Rgf6 40. Ke3 Bh3 41. Ra1 Rf1 0-1